Forts & puits romains de la région de Sétif.

Saved in:
Bibliographic Details
Main Author: Jacquot, Lucien.
Corporate Author: Société archéologique du département de Constantine.
Format: Book
Language:French
Published: [Alger : Paris : Jourdan ; André, 1912]
Subjects:
Tags: Add Tag
No Tags, Be the first to tag this record!
LEADER 00973nam a2200229K 4500
001 006123749-3
005 20091209133235.0
008 951029s1912 ae aef 000 0 fre d
035 0 |a ocm78639746 
040 |a DDO  |c DDO 
043 |a f-ae--- 
100 1 |a Jacquot, Lucien. 
245 1 0 |a Forts & puits romains de la région de Sétif. 
260 |a [Alger :  |b Jourdan ;  |a Paris :  |b André,  |c 1912] 
300 |a p. [119]-132, [2] folded leaves of plates :  |b ill., plans ;  |c 23 cm. 
500 |a Extracted from: Recueil des notices et mémoires de la Société archéologique, historique et géographique de département de Constantine. (1911). 
651 0 |a Sétif (Algeria : Province)  |x Antiquities, Roman. 
650 0 |a Fortification, Roman  |z Algeria  |z Sétif (Province) 
710 2 |a Société archéologique du département de Constantine. 
730 0 |a Recueil des notices et mémoires de la Société archéologique du département de Constantine. 
988 |a 20020608 
906 |0 MH